| 000 | 00473nam a2200193Ia 4500 | ||
|---|---|---|---|
| 005 | 20250423095021.0 | ||
| 008 | 250422s9999 xx 000 0 und d | ||
| 020 | _a0-03-013492-7 | ||
| 050 | _aTJ216.H63/ | ||
| 100 | _aGene H. Hostetter | ||
| 245 | 0 | _aDesign of feedback control systems | |
| 250 | _a2nd ed. | ||
| 260 | _aChicago | ||
| 260 | _bSaunders college publishing | ||
| 260 | _c1982 | ||
| 300 | _a671 p | ||
| 650 | _aFeedback control system | ||
| 942 | _cBK | ||
| 999 |
_c28986 _d28986 |
||